Compensation management in a knowledge-based world (Record no. 290808)

MARC details
000 -LEADER
fixed length control field 00446nam a2200169Ia 4500
005 - DATE AND TIME OF LATEST TRANSACTION
control field 20241109095010.0
008 - FIXED-LENGTH DATA ELEMENTS--GENERAL INFORMATION
fixed length control field 240126s9999 xx 000 0 und d
020 ## - INTERNATIONAL STANDARD BOOK NUMBER
International Standard Book Number 9788131711101
082 ## - DEWEY DECIMAL CLASSIFICATION NUMBER
Classification number 658.3222 HEN;1 R
100 ## - MAIN ENTRY--PERSONAL NAME
Personal name Henderson, Richard I
245 #0 - TITLE STATEMENT
Title Compensation management in a knowledge-based world
250 ## - EDITION STATEMENT
Edition statement 10th ed.
260 ## - PUBLICATION, DISTRIBUTION, ETC. (IMPRINT)
Name of publisher, distributor, etc. Pearson Education
Place of publication, distribution, etc. Noida
Date of publication, distribution, etc. 2006
300 ## - PHYSICAL DESCRIPTION
Extent xvii, 550
440 ## - SERIES STATEMENT/ADDED ENTRY--TITLE
Title NULL
942 ## - ADDED ENTRY ELEMENTS (KOHA)
Koha item type PESU Books
Holdings
Date last seen Total Checkouts Full call number Accession number Volume/Issue Number Cost, replacement price Price effective from Category Lost status Source of classification or shelving scheme Damaged status Department Withdrawn status bill no. Permanent Location Current Location Shelving location Entry date Vendor Cost, normal purchase price Grants Currency symbol Conversion rate Discount Discount type
26/01/2024   658.3222 HEN;1 R PU11600 (28/06/1905) 641.67 26/01/2024 PESU Books   Dewey Decimal Classification       256 Central Library Central Library HM 05/11/2020 Surya Book Supplier 879.00 BBA RS 1 27 Percentage

© For any Suggestions or Query, please contact the library staff @ librarian@pes.edu or Phone: +9180 2672 1983/ 2108.